| 000 | 01123nam0a2200301 i 4500 | ||
|---|---|---|---|
| 001 | RU\NLR\BIBL_A\010451166 | ||
| 005 | 20241101040723.0 | ||
| 010 |
_a9785990468832 _92000 |
||
| 021 |
_aRU _b2014-42866 _92612 |
||
| 035 | _a(NILC)RuMoRGB-007507701 | ||
| 035 | _a(NLR Aleph) 010451166 | ||
| 090 |
_a9928873 _c9928873 |
||
| 100 | _a20140814d2014 u y0rusy50 ca | ||
| 101 | 0 | _arus | |
| 102 | _aRU | ||
| 105 | _ay|||z|||000yy | ||
| 200 | 1 |
_aЭлектрохимическая активация _eизобретения, техника, технология _fВ. М. Бахир |
|
| 210 |
_aМосква _c[б. и.] _d2014 |
||
| 215 |
_a511 с. _cил., цв. ил., табл. _d30 |
||
| 320 | _aБиблиогр. в конце разд. | ||
| 606 | 1 |
_aМатериалы _xАктивация электрохимическая _92206932 _3RU\NLR\AUTH\6601560250 |
|
| 686 | 1 | _aЖ614 | |
| 700 | 1 |
_7ca _8rus _aБахир _bВ. М. _f1949- _gВитольд Михайлович _9242181 _3RU\NLR\AUTH\770242237 |
|
| 801 | 0 |
_aRU _bРГБ _c20140618 _gRCR |
|
| 942 | _cBOOK | ||
| 980 | _aNBR | ||